| 000 | 00330nam a22001337a 4500 | ||
|---|---|---|---|
| 020 | _a978-0-07-070496-1 | ||
| 082 |
_a174 _bGUP/B |
||
| 100 | _aC.B.GUPTA | ||
| 245 | _aTARGET 2011 BUSINESS STUDIES | ||
| 260 |
_aDELHI _bMcGRAW HILL PUBLICATIONS _c2011 |
||
| 300 | _a273 | ||
| 650 |
_aBUSINESS STUDIES FOR CLASS XII _zINDIA |
||
| 942 | _cBK | ||
| 999 |
_c611 _d611 |
||